• 首页
  • 本馆介绍
  • 公告通知
  • 最新文献
  • 馆藏检索
  • 电子资源
  • 读者导购
  • 参考咨询
  • 我的图书馆
  • 登录
  • 详细信息显示
  • 放入我的书架
  • 预约/预借图书
  • 作者相关作品
  • 分类相关作品
  • 丛书相关作品
  • 出版社相关作品

书目信息

  • 表格格式
  • 工作单格式
  • 卡片格式
题名:
离散数学
    
 
作者: 刘爱民 编著
分册:  
出版信息: 北京   北京邮电大学出版社  2004
页数: 325页
开本: 23cm
丛书名:
单 册:
中图分类: O158
科图分类:
主题词: 离散数学--高等学校--教材 , 离散数学
电子资源:
ISBN: 978-7-5635-0835-8
000 00751nam0 2200241 450
001 4310
005 20181011095002.06
010    @a978-7-5635-0835-8@dCNY39.00
100    @a20111224e20112004em y0chiy50 ea
101 0  @achi
102    @aCN@b110000
105    @ay z 000yy
200 1  @a离散数学@9li san shu xue@f刘爱民编著
210    @a北京@c北京邮电大学出版社@d2004@h2011重印
215    @a325页@d23cm
300    @a21世纪高等学校计算机科学与技术规划教材
330    @a本书介绍了数理逻辑、集合论、代数系统和图论的基础知识以及这四个部分之间的内在联系。
606 0  @a离散数学@x高等学校@j教材
606 0  @a离散数学
690    @aO158@v4
701  0 @a刘爱民@9liu ai min@f(1966~)@4编著
801  0 @aCN@b91MARC@c20130904
905    @aMuseLib@dO158@e108
    
    离散数学/刘爱民编著.-北京:北京邮电大学出版社,2004(2011重印)
    325页;23cm
    21世纪高等学校计算机科学与技术规划教材
    
    ISBN 978-7-5635-0835-8:CNY39.00
    本书介绍了数理逻辑、集合论、代数系统和图论的基础知识以及这四个部分之间的内在联系。
●
相关链接 在E读中查询图书 在五车中查询图书 在当当中查询图书 在豆瓣中查询图书


正题名:离散数学     索取号:O158/108         预约/预借

序号 登录号 条形码 馆藏地/架位号 状态 备注
1 1124541   211245419   第二样本阅览室/ [索取号:O158/108] 在馆    
2 1124542   211245428   密集书库-数信学院/ [索取号:O158/108] 在馆    
3 1124543   211245437   第三借阅区/ [索取号:O158/108] 在馆    
4 1124544   211245446   第三借阅区/ [索取号:O158/108] 在馆    
5 1124545   211245455   第三借阅区/ [索取号:O158/108] 在馆    
唐山师范学院图书馆 欢迎您!
大连网信软件有限公司© 版权所有